Quiz sur l'IA - Statistiques

Statistiques générales
  • Ce quiz a été pris 15 fois
  • Le résultat moyen est 10 sur 15
Statistiques - réponses
Question Réponse % Correct
Parmi les exemples ci-dessous, lequel ne met pas aujourd'hui directement en action l'IA? assainissement de l'eau
100%
Les LLM sont des modèles probabilistes, cela signifie que: il modélise la probabilité qu’un mot apparaisse après une séquence donnée de mots
93%
11: Un réseau de neurones artificiels s’inspire de : L’anatomie du cerveau humain
93%
Les informations données par l'IA sont nécéssairement vraies: Faux
86%
Que signifie le terme "LLM" Large Language Model
86%
Parmi ces affirmations, laquelle est la bonne? l'IA forte est une IA qui tend à égaler voire dépasser l'intelligence humaine
79%
Qu'est-ce qu'Open AI? une société américaine, qui possède Chat GPT et Dall-E
71%
Dans le contexte de l’IA, un “biais” désigne : Une préférence statistique dans le modèle
64%
Chat GPT est un modèle open source: Faux
57%
Que signifie "GPT" dans Chat GPT? Generative Pre-trained Transformer
57%
Qu'est ce qu'une hallucination de l'IA une erreur générée par l'IA
57%
Qu'est-ce qui a permis la création des modèles LLM actuels tel que Chat GPT en 2017? l'architecture transformer
50%
Qu'est-ce qu'un Token une suite de caractères définies qui correspond à des bouts de textes
50%
Quel modèle d'IA est l'intrus parmi les suivants: Mistral
43%
Le “test de Turing” sert à : Déterminer si une machine imite l’intelligence humaine
14%
Aucun quiz correspondant
Distribution des résultats
% des personnes avec chaque résultat
Percentile par nombre de réponses
Votre historique - résultats
Vous n’avez pas pris ce quiz